Los 5 niveles de liderazgo : (Record no. 21987)
[ view plain ]
| 000 -LEADER | |
|---|---|
| fixed length control field | 02066cam a2200433Ia 4500 |
| 001 - CONTROL NUMBER | |
| control field | sjds490012 |
| 003 - CONTROL NUMBER IDENTIFIER | |
| control field | sjds |
| 005 - DATE AND TIME OF LATEST TRANSACTION | |
| control field | 20190326160356.0 |
| 008 - FIXED-LENGTH DATA ELEMENTS--GENERAL INFORMATION | |
| fixed length control field | 111013t20112011nyu e b 000 0 spa d |
| 020 ## - INTERNATIONAL STANDARD BOOK NUMBER | |
| International Standard Book Number | 9781455504305 (pbk.) |
| 020 ## - INTERNATIONAL STANDARD BOOK NUMBER | |
| International Standard Book Number | 1455504300 (pbk.) |
| 035 ## - SYSTEM CONTROL NUMBER | |
| System control number | (OCoLC)756847991 |
| 035 ## - SYSTEM CONTROL NUMBER | |
| Canceled/invalid control number | (OCoLC)759363650 |
| 040 ## - CATALOGING SOURCE | |
| Original cataloging agency | WIV |
| Transcribing agency | WIV |
| Modifying agency | YDXCP |
| -- | JPL |
| -- | SAP |
| -- | GDK |
| -- | BDX |
| -- | IFA |
| -- | UtOrBLW |
| 041 1# - LANGUAGE CODE | |
| Language code of text/sound track or separate title | spa |
| Language code of original | eng |
| 049 ## - LOCAL HOLDINGS (OCLC) | |
| Holding library | IFAA |
| 099 ## - LOCAL FREE-TEXT CALL NUMBER (OCLC) | |
| Classification number | ESPANOL 658.4092 MAXWELL 2011 |
| 999 ## - SYSTEM CONTROL NUMBERS (KOHA) | |
| Koha Dewey Subclass [OBSOLETE] | ESPANOL 658.4092 MAXWELL 2011 |
| 100 1# - MAIN ENTRY--PERSONAL NAME | |
| Personal name | Maxwell, John C., |
| Dates associated with a name | 1947- |
| Relator term | author. |
| 240 10 - UNIFORM TITLE | |
| Uniform title | <a href="5 levels of leadership.">5 levels of leadership.</a> |
| Language of a work | Spanish |
| 245 14 - TITLE STATEMENT | |
| Title | Los 5 niveles de liderazgo : |
| Remainder of title | demostrados pasos para maximizar su potencial / |
| Statement of responsibility, etc. | John C. Maxwell. |
| 246 3# - VARYING FORM OF TITLE | |
| Title proper/short title | Cinco niveles de liderazgo |
| 250 ## - EDITION STATEMENT | |
| Edition statement | First edition. |
| 260 ## - PUBLICATION, DISTRIBUTION, ETC. (IMPRINT) | |
| Place of publication, distribution, etc. | New York : |
| Name of publisher, distributor, etc. | Center Street, |
| Date of publication, distribution, etc. | c2011 |
| 264 #1 - PRODUCTION, PUBLICATION, DISTRIBUTION, MANUFACTURE, AND COPYRIGHT NOTICE | |
| Place of production, publication, distribution, manufacture | New York : |
| Name of producer, publisher, distributor, manufacturer | Center Street, |
| Date of production, publication, distribution, manufacture, or copyright notice | [2011] |
| 264 #4 - PRODUCTION, PUBLICATION, DISTRIBUTION, MANUFACTURE, AND COPYRIGHT NOTICE | |
| Date of production, publication, distribution, manufacture, or copyright notice | c2011 |
| 300 ## - PHYSICAL DESCRIPTION | |
| Extent | ix, 371 pages : |
| Other physical details | illustrations ; |
| Dimensions | 21 cm |
| 336 ## - CONTENT TYPE | |
| Content type term | text |
| Content type code | txt |
| Source | rdacontent |
| 337 ## - MEDIA TYPE | |
| Media type term | unmediated |
| Media type code | n |
| Source | rdamedia |
| 338 ## - CARRIER TYPE | |
| Carrier type term | volume |
| Carrier type code | nc |
| Source | rdacarrier |
| 500 ## - GENERAL NOTE | |
| General note | Translation of: The 5 levels of leadership. |
| 504 ## - BIBLIOGRAPHY, ETC. NOTE | |
| Bibliography, etc | Includes bibliographical references (p. [368]-371). |
| 505 0# - FORMATTED CONTENTS NOTE | |
| Formatted contents note | Usted puede tener un plan audaz de liderazgo para su vida -- Guía de crecimiento: cómo medir su actual nivel de liderazgo -- Nivel 1: Posición : es un gran lugar para visitar, pero usted no querrá vivir allí -- Nivel 2: Permiso : usted no puede liderar personas a menos que estas le gusten -- Nivel 3: Producción -- Nivel 4: Desarrollo de personas : ayudar a líderes individuales a crecer expande la influencia y el impacto que usted tiene -- Nivel 5: Pináculo : la mayor realización en el liderazgo viene al desarrollar a otros líderes hacia el nivel 4 -- Retrato de un líder de nivel 5: entrenador John Wooden - Notas. |
| 546 ## - LANGUAGE NOTE | |
| Language note | Text in Spanish = Texto en español. |
| 546 ## - LANGUAGE NOTE | |
| Language note | In Spanish. Translated from the English. |
| 650 #7 - SUBJECT ADDED ENTRY--TOPICAL TERM | |
| Topical term or geographic name as entry element | Liderazgo. |
| Source of heading or term | bidex |
| 650 #0 - SUBJECT ADDED ENTRY--TOPICAL TERM | |
| Topical term or geographic name as entry element | Leadership. |
| 942 ## - ADDED ENTRY ELEMENTS (KOHA) | |
| Koha item type | Libro/Book |
No items available.